| 000 | 00830nam a2200289Ia 4500 | ||
|---|---|---|---|
| 008 | 171025s9999 xx 000 0 und d | ||
| 020 | _a9710870157 | ||
| 050 | _a1.4 | ||
| 050 | _bT266 2011 | ||
| 100 | _aGalero-Tejero, Erlinda | ||
| 245 | 2 | _aA simplified approach to thesis and dissertation writing / | |
| 245 | _cErlinda Galero-Tejero. | ||
| 260 | _aPhilippines : | ||
| 260 | _bNational Book Store, | ||
| 260 | _c2011 | ||
| 300 | _axiv, 250 pages : | ||
| 300 | _billustrations ; | ||
| 300 | _c22cm. | ||
| 500 | _aIncludes appendix, bibliographic reference and index. | ||
| 650 | _aDissertation, Academic -- | ||
| 650 | _aReport writing -- | ||
| 650 | _aResearch -- | ||
| 650 | _xHandbook, manuals, etc. | ||
| 650 | _xHandbook, manuals, etc. | ||
| 650 | _xHandbook, manuals, etc. | ||
| 700 | _aTitle. | ||
| 999 |
_c344508 _d344508 |
||